<?xml version="1.0" encoding="UTF-8"?>
<collection xmlns="http://www.loc.gov/MARC21/slim">
  <record>
    <leader>00000nam  2200000   4500</leader>
    <controlfield tag="001">INLIS000000000018597</controlfield>
    <controlfield tag="005">20241129094011</controlfield>
    <datafield tag="035" ind1="#" ind2="#">
      <subfield code="a">0010-1124000263</subfield>
    </datafield>
    <controlfield tag="007">ta</controlfield>
    <controlfield tag="008">241129################g##########0#ind##</controlfield>
    <datafield tag="020" ind1="#" ind2="#">
      <subfield code="a">979 655 998 6</subfield>
    </datafield>
    <datafield tag="082" ind1="#" ind2="#">
      <subfield code="a">658.8</subfield>
    </datafield>
    <datafield tag="084" ind1="#" ind2="#">
      <subfield code="a">658.8 SIM m</subfield>
    </datafield>
    <datafield tag="100" ind1=" " ind2="#">
      <subfield code="a">Simamora, Bilson</subfield>
    </datafield>
    <datafield tag="245" ind1="1" ind2="#">
      <subfield code="a">Memenangkan Pasar dengan Pemasaran Efektif dan Profitabel /</subfield>
      <subfield code="c">Bilson Simamora</subfield>
    </datafield>
    <datafield tag="260" ind1="#" ind2="#">
      <subfield code="a">Jakarta :</subfield>
      <subfield code="b">Gramedia Pustaka Utama,</subfield>
      <subfield code="c">2001</subfield>
    </datafield>
    <datafield tag="300" ind1="#" ind2="#">
      <subfield code="a">351 halaman :</subfield>
      <subfield code="b">ilus ;</subfield>
      <subfield code="c">23 cm</subfield>
    </datafield>
    <datafield tag="650" ind1="#" ind2="4">
      <subfield code="a">Marketing</subfield>
    </datafield>
    <datafield tag="520" ind1="#" ind2="#">
      <subfield code="a">Turbulensi dunia usaha di era milenium ini sungguh sengit dan mendebarkan. Setiap perusahaan harus berupaya sekuat tenaga untuk tetap bertahan jika tidak ingin kandas. Untuk itu diperlukan kiat-kiat khusus yang dirangkum dalam buku dengan judul MEMENANGKAN PASAR dengan Pemasaran Efektif dan Profitabel ini.&#13;
&#13;
Buku yang disusun secara sistematis ini mengajak Anda untuk selangkah demi selangkah memahami pamasaran dengan segala perniknya secara komprehensif, mendalam, dan kokoh. Dengan pemahaman seperti itu, Anda akan dapat memaksimalkan kinerja pemasaran, sebagai ujung tombak perusahaan, untuk keberlangsungan dan pertumbuhan perusahaan.&#13;
&#13;
Secara garis besar buku ini membicarkan:&#13;
&gt; Puncak Pemasaran: Bagaimana Memuaskan Kebutuhan dan Keinginan Pelanggan&#13;
&gt; Mengelola Perilaku Konsumen dan Perilaku Bisnis&#13;
&gt; Optimalisasi dalam bidang-bidang: Proses Pemasaran; Segmentasi, Targeting, dan Positioning; Produk; Layanan; Harga; Perubahan Harga; Distribusi; Eceran; Promosi; Iklan; Hubungan Masyarakat; dan Manajemen Penjualan&#13;
&gt; Tantangan Pemasaran Abad 21&#13;
&#13;
Buku ini sangat bermanfaat bagi Anda yang bergelut di bidang pemasaran: direktur pemasaran, pelaku riset pemasaran, pelaku bisnis, mahasiswa jurusan ekonomi dan manajemen, serta wirausahawan.</subfield>
    </datafield>
    <datafield tag="990" ind1="#" ind2="#">
      <subfield code="a">06049912</subfield>
    </datafield>
    <datafield tag="990" ind1="#" ind2="#">
      <subfield code="a">06049911</subfield>
    </datafield>
  </record>
</collection>
